| 000 | 00983cam a2200277 4500 | ||
|---|---|---|---|
| 005 | 20260204105413.0 | ||
| 008 | 721004s1966 stk b 000 0 eng | ||
| 040 |
_aKABLIB _cKABLIB _erda |
||
| 043 | _af------ | ||
| 050 | 0 | 0 |
_aKQC99 _b.N45 1966 |
| 082 |
_223 _a340.5096 _bONY |
||
| 100 | 1 |
_aOnyoyo Peter Onyango. _915103 |
|
| 245 | 1 | 0 |
_aAfrican Customary Law: _bDeveloping an African Jurisprudence, _cPeter Onyango Onyoyo. |
| 250 | _a2nd ed. | ||
| 260 |
_aNairobi _bLawAfrica Publishing (k) Ltd,, _cc2019 |
||
| 300 |
_axxiii, 220 p. _c21 cm. |
||
| 440 | 0 |
_aAfrican Customary Law, _v2 _915104 |
|
| 504 | _aIncludes bibliographical references. | ||
| 650 | 0 |
_aCustomary law _zAfrica. _913299 |
|
| 650 | 0 |
_aConflict of laws _zAfrica. _915105 |
|
| 710 | 2 |
_aUniversity of Edinburgh. _bCentre of African Studies. _915106 |
|
| 906 |
_a7 _bcbc _corignew _d4 _encip _f19 _gy-gencatlg |
||
| 942 |
_2ddc _cBOOK _e2nd ed. |
||
| 999 |
_c5985 _d5985 |
||